Dôvody integrácie vybraných systémov manažérstva

Teoretické vymedzenie integrácie vybraných systémov manažérstva. Charakteristika vybraných systémov manažérstva - systém manažérstva kvality, systém environmentálneho manažérstva, systém manažérstva bezpečnosti a ochrany zdravia pri práci. Dôvody integrácie.

Saved in:
Bibliographic Details
Main Author: Kováčová, Natália
Format: Book Chapter
Language:Slovak
Subjects:
Tags: Add Tag
No Tags, Be the first to tag this record!

MARC

LEADER 00000nla$a2200000$$$4500
001 0128291
005 20240521130804.0
041 0 |a slo 
044 |a CZ 
245 1 0 |a Dôvody integrácie vybraných systémov manažérstva  |c Natália Kováčová 
520 |a Teoretické vymedzenie integrácie vybraných systémov manažérstva. Charakteristika vybraných systémov manažérstva - systém manažérstva kvality, systém environmentálneho manažérstva, systém manažérstva bezpečnosti a ochrany zdravia pri práci. Dôvody integrácie. 
610 2 0 |a manažment 
610 2 0 |a manažment environmentálny 
610 2 0 |a systém riadenia kvality 
610 2 0 |a normy ISO 
610 2 0 |a systémy integrované manažérske 
100 1 |a Kováčová, Natália